Normal view
MARC view
Entry Corporate Name
001 - CONTROL NUMBER
- control field: 600644
003 - CONTROL NUMBER IDENTIFIER
- control field:
005 - DATE AND TIME OF LATEST TRANSACTION
- control field: 20210603125114.0
008 - FIXED-LENGTH DATA ELEMENTS
- fixed length control field: 210603|| aca||aabn | a|a d
040 ## - CATALOGING SOURCE
- Original cataloging agency:
- Transcribing agency:
110 ## - HEADING--CORPORATE NAME
- Corporate name or jurisdiction name as entry element: West Bengal (India).
- Subordinate unit: Directorate of Census Operation
670 ## - SOURCE DATA FOUND
- Source citation: Work cat.: (): West Bengal (India). Directorate of Census Operation, District census handbook, Calcutta part 13A and B town directory primary census abstract :, 1986
